000 00376nam a22001577a 4500
005 20180519145735.0
008 170916b xxu||||| |||| 00| 0 eng d
020 _a978-81-8283-753-9
041 _aeng
082 _a515.3
100 _aSHARMA, J.N.
_94303
245 _aADVANCED DIFFERENTIAL CALCULAS
260 _aMEERUT
_bKRISHNA PRAKASHAN
300 _a242p.
942 _cBK
999 _c5577
_d5575